000 00346nam a22001337a 4500
999 _c12595
_d12595
008 210209b ||||| |||| 00| 0 eng d
082 0 0 _a823
_bC7541
100 _94320
_aConrad, Joseph
245 1 0 _a(The) Secret agent,a simple tale /
_cby Joseph Conrad
260 _a[s.l.]:
_b[s.n.],
_c?
300 _a.
650 0 _aEnglish fiction
942 _cBK